000 00210 a2200097 4500
001 51113
100 _aHasler M
245 _aElectric Fitters
260 _aWashington
_bArtech House
_c
090 _c32373
_d32373
942 _aNUST-CAE
_cM
_c24862
999 _c286186
_d286186